000 00692cam a2200217 4500
001 110
005 20181127160417.0
008 021002s2004 mauab 001 0 eng
010 _a2002151069
020 _a0071214496 (ISE)
020 _a0072509317 (pbk. : acid-free paper)
020 _a0072919833
100 1 _aCunningham, William P.
245 1 0 _aPrinciples of environmental science :
_binquiry and applications /
_cWilliam P. Cunningham, Mary Ann Cunningham.
250 _a4th ed.
260 _aNew Delhi :
_bTata McGraw-Hill,
_c2009.
300 _axxii, 410 p. :
_bill. , maps ;
_c28 cm.
500 _aIncludes index.
650 0 _aEnvironmental sciences.
700 1 _aCunningham, Mary Ann.
999 _c95
_d95